000 00749nam a2200253 i 4500
001 bg
003 BPK
005 20190719115212.0
008 s1989 pl f f |000 0 pol
040 _cBPK
041 _apol
080 _a53
080 _a(075.8)
100 1 _aSavel'ev, Igor' Vladimirovič
245 0 0 _aKurs fizyki.
_nT. 2,
_pElektryczność i magnetyzm. Fale. Optyka /
_cI.W. Sawieliew.
246 3 0 _aElektryczność i magnetyzm
246 3 0 _aFale
246 3 0 _aOptyka
246 1 0 _iTyt. oryg.:
_a Kurs obščej fiziki.
_nT. 2,
_pElektričestvo i magnetizm ; Volny ; Optika
260 _aWarszawa :
_bPWN,
_c1989.
650 4 _aFizyka
_xszkoły wyższe.
655 _aPodręczniki akademickie
942 _cKS
_2UKD
999 _c10275
_d10275